000 01502cam a2200253 4500
001 ABS63054
008 000000n2000 000 0 eng u
035 _a(Sirsi) u108818
100 _aPaine, S.
245 _aPowers of entry to private property (3)
260 _c2000
490 _aSolicitors' Journal
_v144(36) 29 September 2000, 874-875(2)
520 _aExamines the growing power of the police to carry out covert surveillance activities. Since the introduction of PACE in 1984, which was followed by a number of statutory measures, there has been a progressive erosion of judicial authorisation for entry and search. Also reviews the impending reform of enforcement methods in the civil justice system, and assesses which entry powers may be vulnerable to challenge on the grounds of human rights. For instance, two judgments of the European Court of Human Rights have brought into question unwarranted entry by the police, and demonstrated that the police have very limited powers of entry to an occupied dwelling unless they clarify in advance their purpose for seeking entry. In these circumstances welcomes the Lord Chancellor's Department's current review of civil court judgments and enforcement procedures.
590 _aABS
650 _aHUMAN RIGHTS ACT 1998
650 _aEUROPEAN COURT OF HUMAN RIGHTS
650 _aCIVIL COURTS
650 _aPOLICING
650 _aENTRY POWERS
650 _aSURVEILLANCE
650 _aBAILIFFS
690 _aLAW
942 _n0
999 _c64965
_d64965